| 000 | 00658cam a22002291i 4500 | ||
|---|---|---|---|
| 001 | sa 64006724 | ||
| 003 | DLC | ||
| 005 | 20260227112041.0 | ||
| 008 | 870317s1963 io 000 0 ind | ||
| 010 | _asa 64006724 | ||
| 025 | _aPL480:Indo-660 | ||
| 035 | _a(OCoLC)23547284 | ||
| 040 |
_aDLC _cMiU _dOAU _dDLC |
||
| 042 | _apremarc | ||
| 050 | 0 | 0 |
_aD743.9 _b.D238 |
| 245 | 0 | 0 |
_aDarah, Keringat dan airmata : _bkumpulan kisah-perang / _csusunan Is. Daulay. |
| 260 |
_aDjakarta : _bAneka Sastra, _c1963. |
||
| 300 |
_a86 p. ; _c15 cm. |
||
| 490 | 0 |
_aSeri hiburan populer ; _vno. HP-1 |
|
| 650 | 0 |
_aWorld War, 1939-1945 _vAnecdotes. |
|
| 700 | 1 | _aDaulay, Is. | |
| 999 |
_c59842 _d59842 |
||